000 00772nab a2200241 4500
003 BR-BrBNA
005 20251026234451.0
008 251026b bl.||||| |||| 00| 0 por d
040 _aBR-BrBNA
_bpor
072 _aF30 ; Q04 ; S01 ; E70 ; E71
100 _aCabral, Marcelo
245 _aTransgênicos 2.0
_bAgronegócios
500 _a4 illus.
650 _aTRANSGENIA
650 _aEFICIÊNCIA NUTRICIONAL
650 _aCOMERCIALIZAÇÃO
650 _aPRODUTIVIDADE
650 _aMERCADO
650 _aEUROPA
773 0 _01706
_9347995
_dSão Paulo-SP Editora Três Ltda - E-mail: luizfsa@revistadinheiro.com.br 2004
_o2025-0490
_tDinheiro Rural (Brazil)
_x1807-3700
_gv. 7(86) p. 64-66; (Dec 2011)
_wBR2025004597
942 _cANA
999 _c338827
_d338827